<?xml version="1.0" encoding="UTF-8"?>
<record
    xmlns:xsi="http://www.w3.org/2001/XMLSchema-instance"
    xsi:schemaLocation="http://www.loc.gov/MARC21/slim http://www.loc.gov/standards/marcxml/schema/MARC21slim.xsd"
    xmlns="http://www.loc.gov/MARC21/slim">

  <leader>00801nam a22002297a 4500</leader>
  <datafield tag="999" ind1=" " ind2=" ">
    <subfield code="c">166034</subfield>
    <subfield code="d">166034</subfield>
  </datafield>
  <controlfield tag="005">20190711111832.0</controlfield>
  <datafield tag="010" ind1=" " ind2=" ">
    <subfield code="a">B-29450</subfield>
  </datafield>
  <datafield tag="020" ind1=" " ind2=" ">
    <subfield code="a">-</subfield>
    <subfield code="c">350.00</subfield>
  </datafield>
  <datafield tag="035" ind1=" " ind2=" ">
    <subfield code="a">B-29450</subfield>
  </datafield>
  <datafield tag="037" ind1=" " ind2=" ">
    <subfield code="b">BPPD/Ven.</subfield>
    <subfield code="a">dpl</subfield>
  </datafield>
  <datafield tag="082" ind1=" " ind2=" ">
    <subfield code="a">841.08</subfield>
  </datafield>
  <datafield tag="100" ind1=" " ind2=" ">
    <subfield code="a">&#x634;&#x6C1;&#x67E;&#x631; &#x631; &#x633;&#x648; &#x644; </subfield>
  </datafield>
  <datafield tag="245" ind1=" " ind2=" ">
    <subfield code="a">&#x627; &#x631; &#x62F; &#x648; &#x63A;&#x632; &#x644; &#x645;&#x64A;&#x6BA; &#x67E;&#x64A;&#x6A9;&#x631; &#x62A;&#x631; &#x627; &#x634;&#x6CC; (&#x622; &#x632; &#x627; &#x62F; &#x6CC; &#x6A9;&#x6D2; &#x628;&#x639;&#x62F;)</subfield>
    <subfield code="c">&#x634;&#x6C1;&#x67E;&#x631; &#x631; &#x633;&#x648; &#x644; </subfield>
    <subfield code="h">Urdu</subfield>
  </datafield>
  <datafield tag="246" ind1=" " ind2=" ">
    <subfield code="a">Urdu Ghazal mein Paikar Tarashi (Urdu)</subfield>
    <subfield code="b">by Shhpar Rasool</subfield>
  </datafield>
  <datafield tag="260" ind1=" " ind2=" ">
    <subfield code="a">N.Delhi 110025</subfield>
    <subfield code="b">Maktaba Jamia Ltd.</subfield>
    <subfield code="c">1999</subfield>
  </datafield>
  <datafield tag="270" ind1=" " ind2=" ">
    <subfield code="a">Urdu Deptt.Jamia Millia Islamia Jamia Ngr. </subfield>
  </datafield>
  <datafield tag="300" ind1=" " ind2=" ">
    <subfield code="a">524&#x635;</subfield>
    <subfield code="c">22cm(Hb)</subfield>
  </datafield>
  <datafield tag="490" ind1=" " ind2=" ">
    <subfield code="a">Jaico illustrated classics series</subfield>
  </datafield>
  <datafield tag="942" ind1=" " ind2=" ">
    <subfield code="2">ddc</subfield>
    <subfield code="c">UR</subfield>
    <subfield code="m">&#x62F;&#x62C; &#x6CC;  </subfield>
    <subfield code="h">841.08</subfield>
  </datafield>
  <datafield tag="952" ind1=" " ind2=" ">
    <subfield code="0">0</subfield>
    <subfield code="1">0</subfield>
    <subfield code="4">0</subfield>
    <subfield code="7">-1</subfield>
    <subfield code="8">NFIC</subfield>
    <subfield code="a">L</subfield>
    <subfield code="b">L</subfield>
    <subfield code="d">2019-07-11</subfield>
    <subfield code="e">BPPD/Ven.</subfield>
    <subfield code="g">350.00</subfield>
    <subfield code="l">0</subfield>
    <subfield code="o">841.08 &#x62F;&#x62C; &#x6CC;</subfield>
    <subfield code="p">B-29450</subfield>
    <subfield code="r">2019-07-11 00:00:00</subfield>
    <subfield code="t">1</subfield>
    <subfield code="v">350.00</subfield>
    <subfield code="w">2019-07-11</subfield>
    <subfield code="y">UR</subfield>
  </datafield>
</record>
